000 00539nam a22001817a 4500
003 BD-DhUL
005 20180328144944.0
008 180328s1998 xxu||||| |||| 00| 0 eng d
040 _aBD-DhUL
_cBD-DhUL
082 _a341.23
_bUNU
110 0 _aUnited Nations
245 0 _aUnited Nations documents checklist : October 1996-December 1997 /
_cUnited Nations
260 _aNew York :
_bUnited Nations,
_c1998.
300 _axxvii, 1118 p. ;
_c 28 cm.
490 0 _aDAG Hammarskjold library
650 0 _aUnited Nations
942 _2ddc
_cBK
999 _c239772
_d239772